Cost accounting

Guardado en:
Detalles Bibliográficos
Autores principales: Most, Kenneth S. (Autor), Lewis, Ronald J (Autor)
Formato: Libro
Lenguaje:inglés
Publicado: Columbus Grid Publishing 1982
Colección:Grid Series in Management
Materias:
Etiquetas: Agregar Etiqueta
Sin Etiquetas, Sea el primero en etiquetar este registro!

MARC

LEADER 00000nam a2200000 a 4500
001 UCQ0619
003 CL-VaPUC
008 980703e19820000us |||||||||||||||||eng|d
082 0 4 |a 657.42  |b MOS  |2 21 
100 |a Most, Kenneth S.  |e author  |9 413832 
700 0 |a Lewis, Ronald J  |e author  |9 413833 
245 1 0 |a Cost accounting 
300 |a 606 p 
942 |c BK 
945 |d 19980703 00:00:00  |a cmena 
260 |a Columbus  |b Grid Publishing  |c 1982 
650 0 |a Contabilidad de costos   |9 260564 
650 0 |a Costos   |9 261063 
650 0 |a Estados de cuentas  |9 352305 
650 0 |a Administración financiera  |9 261146 
650 0 |a Toma de decisiones   |9 257530 
583 |a last modification  |c 20171017 11:40:15  |k Rodrigo Vera 
490 0 |a Grid Series in Management 
999 |c 271657  |d 271655 
952 |0 0  |1 0  |4 0  |6 657_420000000000000_MOS_1982  |7 0  |8 P  |9 306369  |a BIBGIM  |b BIBGIM  |d 2019-11-20  |i 1428268  |o 657.42 MOS 1982  |p 1428268  |r 2025-01-15  |w 2019-11-20  |y BK  |k COM